Afternoons of Solitude by Albert Serra, Spanish, French, and Portuguese documentary (2 h 05). - In cinemas (notice n° 1529932)
[ vue normale ]
| 000 -LEADER | |
|---|---|
| fixed length control field | 00516cam a2200145 4500500 |
| 005 - DATE AND TIME OF LATEST TRANSACTION | |
| control field | 20251012013722.0 |
| 041 ## - LANGUAGE CODE | |
| Language code of text/sound track or separate title | fre |
| 042 ## - AUTHENTICATION CODE | |
| Authentication code | dc |
| 100 10 - MAIN ENTRY--PERSONAL NAME | |
| Personal name | Nieuwjaer, Raphaël |
| Relator term | author |
| 245 00 - TITLE STATEMENT | |
| Title | Afternoons of Solitude by Albert Serra, Spanish, French, and Portuguese documentary (2 h 05). - In cinemas |
| 260 ## - PUBLICATION, DISTRIBUTION, ETC. | |
| Date of publication, distribution, etc. | 2025.<br/> |
| 500 ## - GENERAL NOTE | |
| General note | 71 |
| 786 0# - DATA SOURCE ENTRY | |
| Note | Études | Avril | 4 | 2025-03-24 | p. 116-117 | 0014-1941 |
| 856 41 - ELECTRONIC LOCATION AND ACCESS | |
| Uniform Resource Identifier | <a href="https://shs.cairn.info/journal-etudes-2025-4-page-116?lang=en&redirect-ssocas=7080">https://shs.cairn.info/journal-etudes-2025-4-page-116?lang=en&redirect-ssocas=7080</a> |
Pas d'exemplaire disponible.




Réseaux sociaux